000 01847nam0a2200397 4500
001 RU\NLR\bibl\361671
005 20250621160810.0
010 _a5-7038-2027-8
_9100
021 _aRU
_b2002-57110
_92774
035 _a(NLR Aleph) 000356272
090 _a307321
_c307321
100 _a20030128d2002 |||y0rusy50 ca
101 0 _arus
102 _aRU
105 _ay |||||||||
200 1 _aСимметрии дифференциальных уравнений
_e[Учеб. пособие]
_fА. М. Вербовецкий, Н. Г. Хорькова, В. Н. Четвериков
_gМоск. гос. техн. ун-т им. Н.Э. Баумана
210 _aМ.
_cИзд-во МГТУ
_d2002
215 _a33, [3] с.
_d21
225 1 _aУчебное пособие
320 _aБиблиогр.: с. 35 (8 назв.)
606 0 _aДифференциальные уравнения
_jРуководства, пособия и т.п. для высшей школы
_xСимметрия
_92040968
_3RU\NLR\auth\661224989
606 0 _aДифференциальные уравнения
_jУчебные издания для высшей школы
_xСимметрия
_92040968
_3RU\NLR\auth\661224989
610 0 _aДифференциальные уравнения - Симметрия
675 _a517.2(075.8)
_v3
_zrus
686 _a27.23
_2rugasnti
686 _a22.161я73
_2rubbk
686 _aВ161.6я73-1
700 1 _aВербовецкий
_bА. М.
_gАлександр Моисеевич
_4070
701 1 _aХорькова
_bН. Г.
_gНина Григорьевна
_4070
701 1 _aЧетвериков
_bВ. Н.
_gВладимир Николаевич
_4070
801 0 _aRU
_bRKP
_c20030128
_gPSBO
801 1 _aRU
_bRKP
_c20030128
801 2 _aRU
_bNLR
_c20030214
_grcr
942 _cBOOK
980 _aNB